<?xml version="1.0" encoding="UTF-8"?>
<record
    xmlns:xsi="http://www.w3.org/2001/XMLSchema-instance"
    xsi:schemaLocation="http://www.loc.gov/MARC21/slim http://www.loc.gov/standards/marcxml/schema/MARC21slim.xsd"
    xmlns="http://www.loc.gov/MARC21/slim">

  <leader>00961naa a2200205   4500</leader>
  <controlfield tag="001">2162214035925079</controlfield>
  <controlfield tag="003">UA-OsUOA</controlfield>
  <controlfield tag="005">20240626102147.0</controlfield>
  <controlfield tag="008">240626b        un ||||| |||| 00| 0 ukr d</controlfield>
  <datafield tag="040" ind1=" " ind2=" ">
    <subfield code="a">UA-OsUOA</subfield>
    <subfield code="b">ukr</subfield>
    <subfield code="c">UA-OsUOA</subfield>
    <subfield code="d">UA-OsUOA</subfield>
  </datafield>
  <datafield tag="041" ind1=" " ind2=" ">
    <subfield code="a">ukr</subfield>
  </datafield>
  <datafield tag="080" ind1=" " ind2=" ">
    <subfield code="a">908</subfield>
  </datafield>
  <datafield tag="090" ind1=" " ind2=" ">
    <subfield code="a">908</subfield>
  </datafield>
  <datafield tag="100" ind1=" " ind2=" ">
    <subfield code="a">&#x422;&#x440;&#x443;&#x431;&#x447;&#x430;&#x43D;&#x456;&#x43A;&#x43E;&#x432; &#x421;. &#x412;.</subfield>
    <subfield code="9">3422</subfield>
  </datafield>
  <datafield tag="245" ind1=" " ind2=" ">
    <subfield code="a">&#x41F;&#x440;&#x43E;&#x431;&#x43B;&#x435;&#x43C;&#x438; &#x435;&#x442;&#x43D;&#x43E;&#x433;&#x440;&#x430;&#x444;&#x456;&#x457;, &#x456;&#x441;&#x442;&#x43E;&#x440;&#x456;&#x457; &#x442;&#x430; &#x456;&#x441;&#x442;&#x43E;&#x440;&#x438;&#x447;&#x43D;&#x43E;&#x457; &#x433;&#x435;&#x43E;&#x433;&#x440;&#x430;&#x444;&#x456;&#x457; &#x41F;&#x456;&#x432;&#x434;&#x435;&#x43D;&#x43D;&#x43E;&#x457; &#x412;&#x43E;&#x43B;&#x438;&#x43D;&#x456; &#x443; &#x434;&#x43E;&#x441;&#x43B;&#x456;&#x434;&#x436;&#x435;&#x43D;&#x43D;&#x44F;&#x445; &#x41B;&#x435;&#x43E;&#x43D;&#x456;&#x434;&#x430; &#x41B;&#x430;&#x43D;&#x447;&#x435;&#x432;&#x441;&#x44C;&#x43A;&#x43E;&#x433;&#x43E;</subfield>
    <subfield code="c">&#x421;. &#x412;. &#x422;&#x440;&#x443;&#x431;&#x447;&#x430;&#x43D;&#x456;&#x43A;&#x43E;&#x432;</subfield>
  </datafield>
  <datafield tag="300" ind1=" " ind2=" ">
    <subfield code="a">&#x421;. 297&#x2013;298</subfield>
  </datafield>
  <datafield tag="650" ind1=" " ind2=" ">
    <subfield code="2">UDC</subfield>
  </datafield>
  <datafield tag="773" ind1="0" ind2=" ">
    <subfield code="0">573674</subfield>
    <subfield code="9">472530</subfield>
    <subfield code="a">&#x421;&#x442;&#x430;&#x440;&#x43E;&#x43A;&#x43E;&#x441;&#x442;&#x44F;&#x43D;&#x442;&#x438;&#x43D;&#x456;&#x432;&#x441;&#x44C;&#x43A;&#x430; &#x43C;&#x456;&#x441;&#x44C;&#x43A;&#x430; &#x440;&#x430;&#x434;&#x430;</subfield>
    <subfield code="d">&#x421;&#x442;&#x430;&#x440;&#x43E;&#x43A;&#x43E;&#x441;&#x442;&#x44F;&#x43D;&#x442;&#x438;&#x43D;&#x456;&#x432; &#x41C;&#x435;&#x43B;&#x44C;&#x43D;&#x438;&#x43A; &#x410;. &#x410;.  2019</subfield>
    <subfield code="o">167415</subfield>
    <subfield code="t">&#x421;&#x442;&#x430;&#x440;&#x43E;&#x43A;&#x43E;&#x441;&#x442;&#x44F;&#x43D;&#x442;&#x438;&#x43D;&#x456;&#x432;&#x449;&#x438;&#x43D;&#x430; &#x442;&#x430; &#x43D;&#x430;&#x446;&#x456;&#x43E;&#x43D;&#x430;&#x43B;&#x44C;&#x43D;&#x43E;-&#x432;&#x438;&#x437;&#x432;&#x43E;&#x43B;&#x44C;&#x43D;&#x456; &#x437;&#x43C;&#x430;&#x433;&#x430;&#x43D;&#x43D;&#x44F;</subfield>
    <subfield code="z">9786177600502</subfield>
  </datafield>
  <datafield tag="942" ind1=" " ind2=" ">
    <subfield code="2">udc</subfield>
    <subfield code="c">BKA</subfield>
  </datafield>
  <datafield tag="999" ind1=" " ind2=" ">
    <subfield code="c">576647</subfield>
    <subfield code="d">576647</subfield>
  </datafield>
</record>
